000 00379cam a2200133ua 4500
008 241125b |||||||| |||| 00| 0 eng d
041 _aeng
082 _a621.3
_bDES/TE
100 _aTheraja, BL and Theraja, AK
_96412
245 _aText book of electrical technology /
260 _aNew Delhi :
_bNirja Construction and Development ,
_c1989.
300 _a1867 ; .
942 _cBK
999 _c7203
_d7203